[Event "MAU-ch"]
[Site "Nouadhibou"]
[Date "2014.01.03"]
[Round "11"]
[White "Cheikh, Ahmed Ishak"]
[Black "Haroun, Ishagh"]
[Result "0-1"]
[WhiteElo "1678"]
[BlackElo "1685"]
[PlyCount "39"]
[EventDate "2013.12.28"]
[EventType "swiss"]
[EventRounds "11"]
[EventCountry "MAU"]
[SourceTitle "CBM 158 Extra"]
[Source "ChessBase"]
[SourceDate "2014.02.28"]
[SourceVersion "1"]
[SourceVersionDate "2014.02.28"]
[SourceQuality "1"]

1. e4 d6 2. Nf3 Nf6 3. Nc3 g6 4. d4 Bg7 5. Bd3 Bg4 6. h3 Bd7 7. Be3 Nc6 8. a3 Ne5 9. dxe5 dxe5 10. Nxe5 Be6 11. Qe2 c6 12. 0-0-0 Qc7 13. Bf4 Nh5 14. Nd5 Bxd5 15. exd5 Nxf4 16. Qe4 Qxe5 17. Qb4 Nxd3+ 18. Rxd3 0-0 19. Re1 c5 20. Qb5 0-1